000 00415cam a22001217a 4500
008 180718b1965 xxu||||| |||| 00| 0 eng d
082 _aT19x54 B299
245 _aStudies in economic problems: a collection of seminar papers of the Department of Economics, Calcutta University
_cedited by S.K. Basu
260 _aBombay
_bAsia
_c1965
300 _a256p.
650 _aIndia - Economic Conditions
700 _aBasu, S.K.
999 _c359105
_d359105